[Event "Mecklenburg VP LL2 West 1617"]
[Site "Mecklenburg VP"]
[Date "2016.11.20"]
[Round "3.1"]
[White "Stadler, Bertino"]
[Black "Richter, Stefan"]
[Result "1/2-1/2"]
[WhiteElo "1699"]
[BlackElo "1671"]
[PlyCount "38"]
[EventDate "2016.10.16"]
[EventType "team-tourn"]
[EventRounds "9"]
[EventCountry "GER"]
[SourceTitle "EXT 2022"]
[Source "ChessBase"]
[SourceDate "2021.10.06"]
[SourceVersion "1"]
[SourceVersionDate "2021.10.06"]
[SourceQuality "1"]
[WhiteTeam "Kuehlungsborn SV Empor"]
[BlackTeam "Parchim SV Blau-Weiss 69"]
[WhiteTeamCountry "GER"]
[BlackTeamCountry "GER"]

1. e4 c5 2. Nf3 d6 3. h3 Nf6 4. Nc3 g6 5. d4 cxd4 6. Nxd4 Bg7 7. Be3 0-0 8. Be2 Nc6 9. 0-0 d5 10. exd5 Nxd5 11. Nxd5 Qxd5 12. Nxc6 Qxc6 13. c3 Be6 14. Bf3 Qb5 15. Qc1 Bd5 16. Bxd5 Qxd5 17. Rd1 Qc6 18. Qd2 Qb5 19. Rab1 Qa4 1/2-1/2

[Event "Hessen-ch Seniors op 12th"]
[Site "Bad Sooden-Allendorf"]
[Date "2016.05.04"]
[Round "5"]
[White "Richter, Stefan"]
[Black "Geibel, Henning"]
[Result "1-0"]
[WhiteElo "1701"]
[BlackElo "1412"]
[PlyCount "41"]
[EventDate "2016.04.30"]
[EventType "swiss"]
[EventRounds "9"]
[EventCountry "GER"]
[SourceTitle "EXT 2019"]
[Source "ChessBase"]
[SourceDate "2018.10.10"]
[SourceVersion "1"]
[SourceVersionDate "2018.10.10"]
[SourceQuality "1"]

1. e4 e5 2. Nf3 d6 3. h3 Nf6 4. Nc3 Be7 5. Bc4 h6 6. d3 0-0 7. 0-0 a6 8. a3 b5 9. Ba2 c6 10. Nh2 Nh7 11. f4 Qb6+ 12. Kh1 exf4 13. Bxf4 a5 14. Qf3 Ng5 15. Qg3 c5 16. h4 Ne6 17. Bxh6 Kh7 18. Nd5 Qd8 19. Nxe7 Qxe7 20. Bxe6 Bxe6 21. Qxg7# 1-0

[Event "Hessen-ch Seniors op 11th"]
[Site "Bad Sooden-Allendorf"]
[Date "2015.05.10"]
[Round "2"]
[White "Richter, Stefan"]
[Black "Schulz, Gerhard1111"]
[Result "0-1"]
[WhiteElo "1678"]
[BlackElo "1840"]
[PlyCount "49"]
[EventDate "2015.05.09"]
[EventType "swiss"]
[EventRounds "9"]
[EventCountry "GER"]
[SourceTitle "EXT 2018"]
[Source "ChessBase"]
[SourceDate "2017.10.13"]
[SourceVersion "1"]
[SourceVersionDate "2017.10.13"]
[SourceQuality "1"]

1. e4 e6 2. Nc3 d5 3. d4 Bb4 4. e5 c5 5. a3 Bxc3+ 6. bxc3 Ne7 7. Qg4 0-0 8. h4 Nbc6 9. Nf3 cxd4 10. cxd4 Qa5+ 11. Bd2 Qa4 12. Bd3 f5 13. exf6 Rxf6 14. Qh5 Ng6 15. c3 Nce7 16. Ne5 Qe8 17. Bg5 Qf8 18. 0-0 Rf5 19. Nxg6 Nxg6 20. Bxf5 Qxf5 21. Qe2 h6 22. g4 Qf7 23. h5 Nf4 24. Bxf4 Qxf4 25. Kg2 0-1

[Event "Hessen-ch Seniors op 10th"]
[Site "Bad Sooden-Allendorf"]
[Date "2014.05.01"]
[Round "6"]
[White "Husser, Oskar"]
[Black "Richter, Stefan"]
[Result "0-1"]
[WhiteElo "1895"]
[BlackElo "1722"]
[PlyCount "70"]
[EventDate "2014.04.26"]
[EventType "swiss"]
[EventRounds "9"]
[EventCountry "GER"]
[SourceTitle "EXT 2018"]
[Source "ChessBase"]
[SourceDate "2017.10.13"]
[SourceVersion "1"]
[SourceVersionDate "2017.10.13"]
[SourceQuality "1"]

1. Nf3 c5 2. c4 b6 3. g3 Bb7 4. Bg2 Nc6 5. 0-0 e6 6. Nc3 a6 7. d4 cxd4 8. Nxd4 Qc8 9. e4 Bc5 10. Be3 Nge7 11. a3 Bd6 12. Nxc6 Qxc6 13. Qd4 Nf5 14. Qxb6 Nxe3 15. Qxc6 Bxc6 16. fxe3 Be5 17. Rac1 0-0 18. b4 Rfc8 19. Rf2 d6 20. Rd2 Be8 21. Ne2 a5 22. b5 a4 23. Nf4 Bxb5 24. Rdc2 Bd7 25. Nd3 Ra5 26. c5 Bb5 27. Nxe5 dxe5 28. Bf1 Bc6 29. Bd3 Rb8 30. Rc3 Kf8 31. Kf2 Ke7 32. Ke2 Rb2+ 33. R3c2 Rb3 34. Ra1 Ra8 35. Rd2 Rc3 0-1

[Event "Mecklenburg VP LL2 West 1213"]
[Site "Mecklenburg VP"]
[Date "2013.03.17"]
[Round "7.2"]
[White "Richter, Stefan"]
[Black "Herde, Dittmar"]
[Result "1-0"]
[WhiteElo "1754"]
[BlackElo "1823"]
[PlyCount "49"]
[EventDate "2012.10.14"]
[EventType "team-tourn"]
[EventRounds "9"]
[EventCountry "GER"]
[SourceTitle "EXT 2022"]
[Source "ChessBase"]
[SourceDate "2021.10.06"]
[SourceVersion "1"]
[SourceVersionDate "2021.10.06"]
[SourceQuality "1"]
[WhiteTeam "Parchim SV Blau-Weiss 69"]
[BlackTeam "Rostock SSC 07 III"]
[WhiteTeamCountry "GER"]
[BlackTeamCountry "GER"]

1. e4 c5 2. Nf3 d6 3. d4 cxd4 4. Nxd4 Nf6 5. Nc3 g6 6. Be3 Bg7 7. f3 Nc6 8. Qd2 Bd7 9. 0-0-0 a5 10. g4 a4 11. a3 Ne5 12. Bh6 Bxh6 13. Qxh6 Rc8 14. Qd2 Nc4 15. Bxc4 Rxc4 16. h4 h5 17. g5 Nh7 18. Rhe1 Nf8 19. e5 dxe5 20. Rxe5 Qc8 21. Nd5 Ne6 22. Nxe6 Bxe6 23. Nb6 Qc7 24. Nxc4 Bxc4 25. Rc5 1-0

[Event "Mecklenburg VP LL2 West 1213"]
[Site "Mecklenburg VP"]
[Date "2012.11.15"]
[Round "2.1"]
[White "Richter, Stefan"]
[Black "Krueger, Gerhard"]
[Result "1/2-1/2"]
[WhiteElo "1754"]
[BlackElo "1882"]
[PlyCount "35"]
[EventDate "2012.10.14"]
[EventType "team-tourn"]
[EventRounds "9"]
[EventCountry "GER"]
[SourceTitle "EXT 2022"]
[Source "ChessBase"]
[SourceDate "2021.10.06"]
[SourceVersion "1"]
[SourceVersionDate "2021.10.06"]
[SourceQuality "1"]
[WhiteTeam "Parchim SV Blau-Weiss 69"]
[BlackTeam "Schwerin SF IV"]
[WhiteTeamCountry "GER"]
[BlackTeamCountry "GER"]

1. e4 c5 2. Nf3 Nc6 3. d4 cxd4 4. Nxd4 e5 5. Nb5 a6 6. Nd6+ Bxd6 7. Qxd6 Qf6 8. Qxf6 Nxf6 9. Bd3 d5 10. Nc3 Nb4 11. Bd2 Be6 12. 0-0 dxe4 13. Nxe4 Nxd3 14. cxd3 Nxe4 15. dxe4 Rd8 16. Ba5 Rc8 17. Rac1 0-0 18. a3 1/2-1/2

[Event "Dresden ZMD op-B 21st"]
[Site "Dresden"]
[Date "2012.08.19"]
[Round "2"]
[White "Richter, Stefan"]
[Black "Kretschmer, Wolfgang"]
[Result "1-0"]
[WhiteElo "1754"]
[BlackElo "1641"]
[PlyCount "103"]
[EventDate "2012.08.18"]
[EventType "swiss"]
[EventRounds "9"]
[EventCountry "GER"]
[SourceTitle "CBM 150 Extra"]
[Source "ChessBase"]
[SourceDate "2012.10.19"]
[SourceVersion "1"]
[SourceVersionDate "2012.10.19"]
[SourceQuality "1"]

1. e4 Nf6 2. e5 Nd5 3. c4 Nb6 4. d4 d6 5. exd6 exd6 6. Nc3 Nc6 7. Be3 Be7 8. a3 a5 9. h3 Bf5 10. Nf3 0-0 11. Bd3 Bxd3 12. Qxd3 a4 13. 0-0 d5 14. cxd5 Nxd5 15. Rfe1 Ra5 16. Bd2 Nf6 17. Nb5 Ra8 18. Bf4 Nd5 19. Bd2 Bf6 20. Rac1 Na5 21. Nc3 Nb3 22. Nxd5 Nxc1 23. Nxf6+ Qxf6 24. Rxc1 c6 25. Ne5 Rfd8 26. Re1 Rd5 27. Bc3 Rad8 28. Qg3 Qf5 29. Ng4 Qg6 30. Qe3 h5 31. Ne5 Qf5 32. Qf3 Qxf3 33. Nxf3 f6 34. Bb4 R8d7 35. Kf1 Kf7 36. Bc5 g5 37. g4 hxg4 38. hxg4 b6 39. Bb4 c5 40. dxc5 bxc5 41. Bc3 Rd3 42. Kg2 R7d5 43. Re4 Rd7 44. Rxa4 Re7 45. Ra6 Re4 46. Nh2 Rf4 47. Rc6 Rd5 48. a4 Rxa4 49. Rxf6+ Ke7 50. Kg3 Rd3+ 51. Rf3 Rxf3+ 52. Nxf3 1-0

[Event "Mecklenburg VP LL2 West 1112"]
[Site "Mecklenburg VP"]
[Date "2012.03.18"]
[Round "8.2"]
[White "Fleischer, Martin"]
[Black "Richter, Stefan"]
[Result "0-1"]
[WhiteElo "1788"]
[BlackElo "1830"]
[PlyCount "82"]
[EventDate "2011.10.02"]
[EventType "team-tourn"]
[EventRounds "9"]
[EventCountry "GER"]
[SourceTitle "EXT 2022"]
[Source "ChessBase"]
[SourceDate "2021.10.06"]
[SourceVersion "1"]
[SourceVersionDate "2021.10.06"]
[SourceQuality "1"]
[WhiteTeam "Schwerin SV Einheit"]
[BlackTeam "Parchim SV Blau-Weiss 69"]
[WhiteTeamCountry "GER"]
[BlackTeamCountry "GER"]

1. e4 c5 2. Nf3 d6 3. c3 Nf6 4. h3 Nxe4 5. Qa4+ Nc6 6. Qxe4 g6 7. Qc2 Bg7 8. Bb5 0-0 9. 0-0 e5 10. Bxc6 bxc6 11. d3 Bf5 12. g4 Be6 13. Ng5 Bd7 14. f4 d5 15. Qf2 h6 16. Nf3 f6 17. Qxc5 Qc7 18. Nh4 Kh7 19. Ng2 f5 20. Ne3 d4 21. cxd4 exd4 22. Nd5 Qd8 23. Ne7 fxg4 24. hxg4 Bxg4 25. Bd2 Re8 26. Bb4 Rb8 27. Re1 Bf3 28. Nd2 Bd5 29. Ne4 Rxb4 30. Qxb4 Rxe7 31. Nf2 Rf7 32. Kf1 Qh4 33. Re2 Rxf4 34. Ke1 Qg5 35. Qd6 Bf3 36. Ne4 Bxe4 37. dxe4 d3 38. Qxd3 Qg1+ 39. Kd2 Qxa1 40. Qb3 Rf1 41. e5 Qc1+ 0-1

[Event "Mecklenburg VP LL2 West 1112"]
[Site "Mecklenburg VP"]
[Date "2011.10.23"]
[Round "2.2"]
[White "Richter, Stefan"]
[Black "Altenburg, Reiner"]
[Result "1/2-1/2"]
[WhiteElo "1830"]
[BlackElo "1740"]
[PlyCount "86"]
[EventDate "2011.10.02"]
[EventType "team-tourn"]
[EventRounds "9"]
[EventCountry "GER"]
[SourceTitle "EXT 2022"]
[Source "ChessBase"]
[SourceDate "2021.10.06"]
[SourceVersion "1"]
[SourceVersionDate "2021.10.06"]
[SourceQuality "1"]
[WhiteTeam "Parchim SV Blau-Weiss 69"]
[BlackTeam "Ludwigslust Post SV"]
[WhiteTeamCountry "GER"]
[BlackTeamCountry "GER"]

1. e4 c5 2. Nf3 Nc6 3. d4 cxd4 4. Nxd4 Nf6 5. Nc3 e5 6. Ndb5 d6 7. a4 a6 8. Na3 Be6 9. Be2 d5 10. exd5 Nxd5 11. Nxd5 Bxd5 12. 0-0 Bc5 13. c3 0-0 14. b4 Ba7 15. b5 Ne7 16. Bb2 Ng6 17. c4 Be4 18. g3 Qg5 19. Bf3 Rad8 20. Qxd8 Rxd8 21. Bxe4 Qe7 22. Nc2 Nf8 23. Bc3 Bd4 24. Bb4 Bc5 25. Ba5 b6 26. Bc3 a5 27. Ne1 Ne6 28. Nd3 Nd4 29. Ra2 g6 30. Nxc5 Qxc5 31. Bxd4 Qxd4 32. Bd5 Kg7 33. Re2 f5 34. Rfe1 Re8 35. Re3 Kf6 36. Kg2 h5 37. h4 Re7 38. Kf1 Qd2 39. Ra1 Qb2 40. Raa3 Qc1+ 41. Kg2 Rg7 42. Rac3 Qd1 43. Red3 Qxa4 1/2-1/2

[Event "Dresden ZMDI Blitz"]
[Site "Dresden"]
[Date "2011.08.06"]
[Round "1"]
[White "Richter, Stefan"]
[Black "Gutt, Oswald"]
[Result "1/2-1/2"]
[WhiteElo "1888"]
[BlackElo "2031"]
[PlyCount "41"]
[EventDate "2011.08.06"]
[EventType "swiss (blitz)"]
[EventRounds "9"]
[EventCountry "GER"]
[SourceTitle "EXT 2022"]
[Source "ChessBase"]
[SourceDate "2021.10.06"]
[SourceVersion "1"]
[SourceVersionDate "2021.10.06"]
[SourceQuality "1"]

1. e4 e5 2. Nf3 Nc6 3. Bc4 Nf6 4. d3 Bc5 5. 0-0 d6 6. Nc3 Bg4 7. Ne2 Bxf3 8. gxf3 Qd7 9. c3 Qh3 10. Ng3 h5 11. Qb3 Nd8 12. d4 Ng4 13. Bxf7+ Nxf7 14. Qe6+ Kf8 15. fxg4 hxg4 16. Rd1 Qxh2+ 17. Kf1 Bb6 18. Qxg4 Rh4 19. Qf5 Kg8 20. Ke2 Qg2 21. Be3 1/2-1/2